[Event "FIN-chT 2324"]
[Site "Finland"]
[Date "2024.03.17"]
[Round "11.2"]
[White "Fraser, Scott"]
[Black "Kauko, Jussi Matti"]
[Result "1/2-1/2"]
[WhiteElo "2095"]
[BlackElo "2272"]
[PlyCount "129"]
[EventDate "2023.09.23"]
[EventType "team-tourn"]
[EventRounds "11"]
[EventCountry "FIN"]
[SourceTitle "EXT 2025"]
[Source "ChessBase"]
[SourceDate "2024.10.14"]
[SourceVersion "1"]
[SourceVersionDate "2024.10.14"]
[SourceQuality "1"]
[WhiteTeam "Espoo MatSK II"]
[BlackTeam "Vammala SK"]
[WhiteTeamCountry "FIN"]
[BlackTeamCountry "FIN"]

1. d4 Nf6 2. c4 c5 3. d5 e6 4. Nc3 exd5 5. cxd5 d6 6. e4 g6 7. h3 Bg7 8. Nf3 a6 9. a4 0-0 10. Bd3 Re8 11. 0-0 Nh5 12. Re1 Nd7 13. Bf1 Ne5 14. Nxe5 Bxe5 15. g3 Rb8 16. a5 b5 17. axb6 Rxb6 18. Ra2 Bg7 19. Be3 Nf6 20. Bg2 Qc7 21. Qc2 Bd7 22. Nb1 Bb5 23. Nd2 Rb7 24. b3 Nd7 25. Nc4 Ne5 26. f4 Nxc4 27. bxc4 Bd7 28. Rxa6 Rb2 29. Qd3 Reb8 30. Ra3 Qc8 31. Bc1 Rb1 32. Kh2 Bd4 33. e5 dxe5 34. fxe5 Bxe5 35. Rxe5 Rxc1 36. Ra7 Rb2 37. Re2 Bf5 38. Qe3 Rxe2 39. Qxe2 Qd8 40. d6 Rb1 41. Qe7 Qf8 42. Ra8 Rb8 43. Rxb8 Qxb8 44. d7 Bxd7 45. Qxd7 Qe5 46. Qd2 Kg7 47. Bd5 h5 48. Qf2 Qe7 49. h4 Kg8 50. Qf3 Kg7 51. Qe4 Qf6 52. Qe3 Qd6 53. Qc3+ Kg8 54. Qb2 Qe7 55. Qf2 Kg7 56. Bxf7 Qxf7 57. Qxc5 Qf3 58. Qd4+ Kh7 59. Qf4 Qe2+ 60. Kh3 Qe6+ 61. g4 hxg4+ 62. Qxg4 Qe3+ 63. Kg2 Qd2+ 64. Kf1 Qc1+ 65. Ke2 1/2-1/2

[Event "FIN-chT 2324"]
[Site "Finland"]
[Date "2024.01.14"]
[Round "9.2"]
[White "Ristoja, Jan"]
[Black "Fraser, Scott"]
[Result "1-0"]
[WhiteElo "2195"]
[BlackElo "2095"]
[PlyCount "97"]
[EventDate "2023.09.23"]
[EventType "team-tourn"]
[EventRounds "11"]
[EventCountry "FIN"]
[SourceTitle "EXT 2025"]
[Source "ChessBase"]
[SourceDate "2024.10.14"]
[SourceVersion "1"]
[SourceVersionDate "2024.10.14"]
[SourceQuality "1"]
[WhiteTeam "Gambiitti"]
[BlackTeam "Espoo MatSK II"]
[WhiteTeamCountry "FIN"]
[BlackTeamCountry "FIN"]

1. f4 d5 2. Nf3 Nf6 3. g3 e6 4. Bg2 Be7 5. d3 b5 6. 0-0 Bb7 7. Qe1 0-0 8. c3 c5 9. Nbd2 Nbd7 10. e4 dxe4 11. dxe4 c4 12. e5 Ng4 13. Nd4 Bxg2 14. Kxg2 Nc5 15. N2f3 Qb6 16. h3 Nh6 17. g4 f5 18. exf6 Bxf6 19. Qe2 Nf7 20. a4 Nxa4 21. Qxe6 Qb7 22. Qc6 Qxc6 23. Nxc6 Rfe8 24. Ncd4 a6 25. f5 Nc5 26. g5 Bxd4 27. Nxd4 Ne5 28. Bf4 Ned3 29. Bg3 Nxb2 30. f6 gxf6 31. gxf6 Kf7 32. Nf5 Re6 33. Nd6+ Kg6 34. Nxb5 Rxf6 35. Rxf6+ Kxf6 36. Rf1+ Kg6 37. Nc7 Rd8 38. h4 Rd2+ 39. Kh3 h5 40. Be5 Rd3+ 41. Kh2 Rd2+ 42. Kg3 Ne4+ 43. Kf3 Rf2+ 44. Rxf2 Nxf2 45. Nxa6 Kf5 46. Bd4 Nfd3 47. Nc7 Ne5+ 48. Kg3 Ng6 49. Nd5 1-0

[Event "FIN-chT 2324"]
[Site "Finland"]
[Date "2023.10.22"]
[Round "4.2"]
[White "Fraser, Scott"]
[Black "Agopov, Mikael"]
[Result "0-1"]
[WhiteElo "2095"]
[BlackElo "2451"]
[PlyCount "58"]
[EventDate "2023.09.23"]
[EventType "team-tourn"]
[EventRounds "11"]
[EventCountry "FIN"]
[SourceTitle "EXT 2025"]
[Source "ChessBase"]
[SourceDate "2024.10.14"]
[SourceVersion "1"]
[SourceVersionDate "2024.10.14"]
[SourceQuality "1"]
[WhiteTeam "Espoo MatSK II"]
[BlackTeam "Helsinki HSC"]
[WhiteTeamCountry "FIN"]
[BlackTeamCountry "FIN"]

1. e4 c5 2. c3 Nf6 3. e5 Nd5 4. Nf3 Nc6 5. Bc4 Nb6 6. Bb3 c4 7. Bc2 d5 8. exd6 e5 9. a4 Bxd6 10. a5 Nd7 11. d3 cxd3 12. Qxd3 Nc5 13. Qe3 0-0 14. b4 Ne6 15. Nbd2 f5 16. Nc4 e4 17. Nfd2 Bf4 18. Qe2 Ne5 19. g3 Bxd2+ 20. Nxd2 Nd3+ 21. Bxd3 exd3 22. Qd1 b5 23. Nf1 Re8 24. Be3 Bb7 25. Rg1 Ng5 26. Nd2 Nh3 27. Rf1 f4 28. gxf4 Rxe3+ 29. fxe3 Qh4+ 0-1

[Event "FIN-chT 2022"]
[Site "Finland"]
[Date "2021.11.21"]
[Round "10.1"]
[White "Fraser, Scott"]
[Black "Kulaots, Kaido"]
[Result "0-1"]
[WhiteElo "2111"]
[BlackElo "2537"]
[PlyCount "94"]
[EventDate "2020.09.12"]
[EventType "team-tourn"]
[EventRounds "11"]
[EventCountry "FIN"]
[SourceTitle "EXT 2023"]
[Source "ChessBase"]
[SourceDate "2022.10.05"]
[SourceVersion "1"]
[SourceVersionDate "2022.10.05"]
[SourceQuality "1"]
[WhiteTeam "Espoo MatSK II"]
[BlackTeam "Salo SalSK"]
[WhiteTeamCountry "FIN"]
[BlackTeamCountry "FIN"]

1. d4 Nf6 2. c4 e6 3. Nc3 Bb4 4. e3 0-0 5. Bd3 d5 6. cxd5 exd5 7. Nge2 Re8 8. Bd2 Bd6 9. Rc1 a6 10. 0-0 b6 11. Nf4 Bb7 12. Qf3 Ra7 13. Rcd1 c5 14. Nce2 Nc6 15. Nh5 Nxh5 16. Qxh5 g6 17. Qf3 Bf8 18. Bb1 Bg7 19. Bc3 c4 20. Nf4 Nb8 21. b3 b5 22. bxc4 bxc4 23. Rfe1 f5 24. h3 Nd7 25. g4 Qg5 26. Qg3 fxg4 27. hxg4 Bf8 28. Nh3 Qe7 29. f4 Nf6 30. Nf2 Qa3 31. Rc1 Bc8 32. g5 Nh5 33. Qf3 Qd6 34. Ng4 Bxg4 35. Qxg4 Rae7 36. Bd2 Rf7 37. Rf1 Ng7 38. Rf3 Nf5 39. Rh3 Qe6 40. Bxf5 Rxf5 41. Rb1 Qe4 42. Rb6 Qc2 43. Qh4 Rf7 44. Rh2 Qd1+ 45. Be1 Rxe3 46. Rxg6+ Kh8 47. Kf1 Rfe7 0-1

[Event "FIN-chT 1920"]
[Site "Finland"]
[Date "2019.11.24"]
[Round "6.2"]
[White "Fraser, Scott"]
[Black "Koykka, Pekka"]
[Result "0-1"]
[WhiteElo "2135"]
[BlackElo "2382"]
[PlyCount "66"]
[EventDate "2019.09.14"]
[EventType "team-tourn"]
[EventRounds "11"]
[EventCountry "FIN"]
[SourceTitle "EXT 2022"]
[Source "ChessBase"]
[SourceDate "2021.10.06"]
[SourceVersion "1"]
[SourceVersionDate "2021.10.06"]
[SourceQuality "1"]
[WhiteTeam "Espoo MatSK II"]
[BlackTeam "Tampere Tammer"]
[WhiteTeamCountry "FIN"]
[BlackTeamCountry "FIN"]

1. e4 Nf6 2. e5 Nd5 3. d4 d6 4. Nf3 dxe5 5. Nxe5 c6 6. Be2 Nd7 7. Nf3 N7f6 8. 0-0 Bf5 9. a3 e6 10. Nh4 Bg6 11. Nxg6 hxg6 12. c4 Bd6 13. g3 Ne7 14. Nc3 Qd7 15. b4 e5 16. h4 exd4 17. Qxd4 Nf5 18. Qd3 0-0-0 19. Bg5 Qe6 20. Bxf6 gxf6 21. Bg4 Rxh4 22. Qf3 Rh6 23. Qe4 Be5 24. Rac1 Rdh8 25. Ne2 Rh1+ 26. Kg2 R8h2+ 27. Kf3 Nh4+ 28. gxh4 f5 29. Bxf5 gxf5 30. Qc2 Rh3+ 31. Kg2 Qg6+ 32. Ng3 Bxg3 33. fxg3 Qxg3# 0-1

[Event "FIN-chT 1920"]
[Site "Finland"]
[Date "2019.09.15"]
[Round "2.2"]
[White "Fraser, Scott"]
[Black "Sulskis, Sarunas"]
[Result "0-1"]
[WhiteElo "2135"]
[BlackElo "2539"]
[PlyCount "70"]
[EventDate "2019.09.14"]
[EventType "team-tourn"]
[EventRounds "11"]
[EventCountry "FIN"]
[SourceTitle "EXT 2020"]
[Source "ChessBase"]
[SourceDate "2019.10.17"]
[SourceVersion "1"]
[SourceVersionDate "2019.10.17"]
[SourceQuality "1"]
[WhiteTeam "Espoo MatSK II"]
[BlackTeam "Helsinki Ninja"]
[WhiteTeamCountry "FIN"]
[BlackTeamCountry "FIN"]

1. d4 c5 2. d5 e5 3. e4 d6 4. Bb5+ Nd7 5. a4 g6 6. Ne2 Bg7 7. g4 a6 8. Bd3 c4 9. Bxc4 Nb6 10. Bd3 Bxg4 11. Be3 Rc8 12. Nd2 Bh6 13. Bxh6 Nxh6 14. f3 Bh3 15. Rg1 Qh4+ 16. Ng3 Bd7 17. Rg2 Nxa4 18. Nc4 Rxc4 19. Bxc4 Nxb2 20. Qe2 f5 21. Bb3 f4 22. Ra2 fxg3 23. Rxg3 0-0 24. Rxb2 Nf7 25. c4 Ng5 26. Bd1 Nxf3+ 27. Qxf3 Rxf3 28. Bxf3 b5 29. cxb5 Bxb5 30. Rf2 Qf4 31. Rg4 Qc1+ 32. Bd1 Ba4 33. Rd2 Bxd1 34. Rxd1 Qe3+ 35. Kf1 Qf3+ 0-1

[Event "FIN-chT1B 1819"]
[Site "Finland"]
[Date "2018.11.10"]
[Round "2.2"]
[White "Fraser, Scott"]
[Black "Aijala, Jouko"]
[Result "1/2-1/2"]
[WhiteElo "2143"]
[BlackElo "2076"]
[PlyCount "68"]
[EventDate "2018.09.15"]
[EventType "team-tourn"]
[EventRounds "7"]
[EventCountry "FIN"]
[SourceTitle "EXT 2020"]
[Source "ChessBase"]
[SourceDate "2019.10.17"]
[SourceVersion "1"]
[SourceVersionDate "2019.10.17"]
[SourceQuality "1"]
[WhiteTeam "Espoo MatSK II"]
[BlackTeam "Lahti S"]
[WhiteTeamCountry "FIN"]
[BlackTeamCountry "FIN"]

1. d4 Nf6 2. c4 g6 3. Nc3 Bg7 4. e4 d6 5. Nf3 0-0 6. Be2 e5 7. 0-0 exd4 8. Nxd4 Re8 9. f3 Nbd7 10. Bg5 c6 11. Qd2 Qb6 12. Be3 Qc7 13. Rac1 Nf8 14. Rfd1 Qe7 15. Nc2 Rd8 16. Bf4 d5 17. cxd5 cxd5 18. Nxd5 Nxd5 19. exd5 Rxd5 20. Qxd5 Qxe2 21. Re1 Qa6 22. Re7 Qf6 23. Bd6 Be6 24. Qxb7 Rd8 25. Qc7 Rc8 26. Qxa7 Qxb2 27. Ba3 Qxa2 28. Rc7 Rd8 29. Bc5 Qb2 30. Be3 Qb3 31. Qb6 Qd3 32. Nb4 Qb3 33. Nc2 Qd3 34. Nb4 Qb3 1/2-1/2

[Event "Helsinki HSK op"]
[Site "Helsinki"]
[Date "2018.09.01"]
[Round "2"]
[White "Jarvenpaa, Jari"]
[Black "Fraser, Scott"]
[Result "1-0"]
[WhiteElo "2353"]
[BlackElo "2175"]
[PlyCount "85"]
[EventDate "2018.08.31"]
[EventType "swiss"]
[EventRounds "5"]
[EventCountry "FIN"]
[SourceTitle "EXT 2021"]
[Source "ChessBase"]
[SourceDate "2020.10.23"]
[SourceVersion "1"]
[SourceVersionDate "2020.10.23"]
[SourceQuality "1"]

1. e4 e5 2. Nf3 Nc6 3. Bb5 a6 4. Ba4 Nf6 5. 0-0 Be7 6. d3 d6 7. c3 0-0 8. Re1 Re8 9. Nbd2 Bf8 10. Nf1 h6 11. Ng3 b5 12. Bc2 g6 13. a4 Bb7 14. Bb3 Na5 15. Ba2 c5 16. b4 cxb4 17. cxb4 Nc6 18. Qb3 Re7 19. axb5 axb5 20. Bb2 Bc8 21. d4 Bg7 22. d5 Nb8 23. Qd3 Qb6 24. Bc1 Ra4 25. Be3 Qa6 26. Qc3 Qb7 27. Rec1 Bd7 28. Bb3 Rxa1 29. Qxa1 Na6 30. Qa5 Ng4 31. Ra1 Bc8 32. Bb6 Nxb4 33. h3 Nf6 34. Bd8 Nbxd5 35. Bxe7 Nxe7 36. Qd8+ Kh7 37. Qxd6 Nc6 38. Rc1 Bd7 39. Bxf7 b4 40. Nh4 b3 41. Rb1 b2 42. Bxg6+ Kg8 43. Qd2 1-0

[Event "FIN-chT1B 1617"]
[Site "Finland"]
[Date "2017.02.04"]
[Round "6.1"]
[White "Fraser, Scott"]
[Black "Dokutchaev, Aleksander"]
[Result "1/2-1/2"]
[WhiteElo "2146"]
[BlackElo "2407"]
[PlyCount "76"]
[EventDate "2016.09.17"]
[EventType "team-tourn"]
[EventRounds "7"]
[EventCountry "FIN"]
[SourceTitle "EXT 2019"]
[Source "ChessBase"]
[SourceDate "2018.10.10"]
[SourceVersion "1"]
[SourceVersionDate "2018.10.10"]
[SourceQuality "1"]
[WhiteTeam "Espoo MatSK II"]
[BlackTeam "Joensuu SK"]
[WhiteTeamCountry "FIN"]
[BlackTeamCountry "FIN"]

1. d4 e6 2. c4 f5 3. g3 Nf6 4. Bg2 c6 5. Nf3 d5 6. 0-0 Bd6 7. Bf4 Bxf4 8. gxf4 0-0 9. Nc3 Ne4 10. Rc1 Nd7 11. e3 Nd6 12. c5 Nf7 13. b4 b6 14. b5 Bb7 15. bxc6 Bxc6 16. cxb6 Nxb6 17. Ne1 Nd6 18. Nd3 Nbc4 19. Na4 Bxa4 20. Qxa4 Qe8 21. Qxe8 Rfxe8 22. Nc5 Kf7 23. Rfd1 Rab8 24. Rb1 Ke7 25. Bf1 Rb6 26. Na4 Ra6 27. Rb4 Rc8 28. Rc1 Rac6 29. Nc5 Rb6 30. Ra4 a5 31. Nb3 Ra8 32. Rc2 Rb4 33. Rxb4 axb4 34. Nc5 Ra3 35. Nd3 b3 36. axb3 Rxb3 37. Nc5 Rb2 38. Rxb2 Nxb2 1/2-1/2

[Event "FIN-chT 1415"]
[Site "Finland"]
[Date "2015.03.14"]
[Round "10.4"]
[White "Topi Hulmi, Teemu"]
[Black "Fraser, Scott"]
[Result "1-0"]
[WhiteElo "2231"]
[BlackElo "2166"]
[PlyCount "89"]
[EventDate "2014.09.27"]
[EventType "team-tourn"]
[EventRounds "11"]
[EventCountry "FIN"]
[SourceTitle "EXT 2016"]
[Source "ChessBase"]
[SourceDate "2015.10.08"]
[SourceVersion "1"]
[SourceVersionDate "2015.10.08"]
[SourceQuality "1"]
[WhiteTeam "Turku TuTS"]
[BlackTeam "Espoo MatSK II"]
[WhiteTeamCountry "FIN"]
[BlackTeamCountry "FIN"]

1. e4 c5 2. Nc3 g6 3. g3 Bg7 4. Bg2 Nc6 5. d3 d6 6. Be3 Rb8 7. Qd2 b5 8. Nge2 b4 9. Nd1 Nd4 10. 0-0 e5 11. c3 bxc3 12. bxc3 Nxe2+ 13. Qxe2 Ne7 14. Qd2 0-0 15. f4 exf4 16. Bxf4 Be6 17. Bh6 Bxh6 18. Qxh6 Qd7 19. Ne3 Rb2 20. Rf4 Qb5 21. Rh4 Rb8 22. Rf1 Rb1 23. Qxh7+ Kf8 24. Rhf4 Rxf1+ 25. Bxf1 Qb1 26. d4 cxd4 27. cxd4 g5 28. Qh6+ Ke8 29. Qxg5 Ng6 30. Rf2 Qxe4 31. d5 Bd7 32. Nc4 Qe7 33. Re2 Ne5 34. Qg8+ Qf8 35. Nxd6+ Ke7 36. Qxf8+ Rxf8 37. Nxf7 Rxf7 38. Rxe5+ Kd6 39. Rg5 Rf3 40. h4 Rc3 41. h5 Rc1 42. h6 Bb5 43. h7 Rxf1+ 44. Kg2 Rf8 45. Rg8 1-0

[Event "FIN Team Cup"]
[Site "Finland"]
[Date "2013.09.08"]
[Round "6.8"]
[White "Fraser, Scott"]
[Black "Torkkola, Henri"]
[Result "1-0"]
[WhiteElo "2153"]
[BlackElo "2125"]
[PlyCount "75"]
[EventDate "2013.04.06"]
[EventType "team-k.o."]
[EventRounds "6"]
[EventCountry "FIN"]
[SourceTitle "EXT 2022"]
[Source "ChessBase"]
[SourceDate "2021.10.06"]
[SourceVersion "1"]
[SourceVersionDate "2021.10.06"]
[SourceQuality "1"]
[WhiteTeam "Espoo MatSK"]
[BlackTeam "Vammala SK"]
[WhiteTeamCountry "FIN"]
[BlackTeamCountry "FIN"]

1. c4 g6 2. g3 Bg7 3. Bg2 e5 4. Nc3 d6 5. d3 f5 6. e4 c6 7. Nge2 Nf6 8. 0-0 0-0 9. h3 a5 10. Be3 Na6 11. Qd2 Qe7 12. Rac1 Be6 13. b3 Nc5 14. exf5 Bxf5 15. d4 Nce4 16. Nxe4 Nxe4 17. Qd1 Ng5 18. dxe5 Nxh3+ 19. Kh2 Bxe5 20. Bxh3 Bb2 21. Bxf5 Rxf5 22. Nf4 Bxc1 23. Bxc1 Re8 24. Ba3 c5 25. Bb2 g5 26. Qd3 Qf7 27. Qc3 Ree5 28. Nd3 Rf3 29. Kg2 Qf5 30. Qxa5 Re7 31. Qd8+ Kf7 32. Ne5+ Rxe5 33. Bxe5 Qe4 34. Qd7+ Kg6 35. Qg7+ Kf5 36. Qxh7+ Kxe5 37. Qxe4+ Kxe4 38. Re1+ 1-0

[Event "Heart of Finland op 23rd"]
[Site "Jyvaskyla"]
[Date "2013.07.12"]
[Round "7"]
[White "Fraser, Scott"]
[Black "Marinc, Damir"]
[Result "1-0"]
[WhiteElo "2153"]
[BlackElo "2054"]
[PlyCount "81"]
[EventDate "2013.07.08"]
[EventType "swiss"]
[EventRounds "9"]
[EventCountry "FIN"]
[SourceTitle "EXT 2022"]
[Source "ChessBase"]
[SourceDate "2021.10.06"]
[SourceVersion "1"]
[SourceVersionDate "2021.10.06"]
[SourceQuality "1"]

1. Nf3 d5 2. d4 c6 3. c4 Nf6 4. Qb3 e6 5. Nc3 Nbd7 6. g3 Bd6 7. Bg2 0-0 8. 0-0 dxc4 9. Qxc4 e5 10. e3 exd4 11. Nxd4 Qa5 12. Nxc6 Qh5 13. Nd4 Ne5 14. Qe2 Bg4 15. f3 Bd7 16. f4 Bg4 17. Qb5 a6 18. Qb6 Nc4 19. Qxb7 Rfb8 20. Qc6 Rc8 21. Qa4 Rab8 22. Nc6 Nxb2 23. Qxa6 Ra8 24. Qb5 Na4 25. Qxh5 Bxh5 26. Nxa4 Rxa4 27. Bb2 Ng4 28. Bd4 f5 29. h3 Nf6 30. Rfc1 Re8 31. Ne5 Bxe5 32. Bxe5 Ne4 33. Bxe4 fxe4 34. Rc7 Bf3 35. Rxg7+ Kf8 36. Rxh7 Kg8 37. Rh8+ Kf7 38. Rxe8 Kxe8 39. Kf2 Rc4 40. g4 Kf7 41. f5 1-0

[Event "FIN Team Cup"]
[Site "Finland"]
[Date "2013.05.18"]
[Round "3.6"]
[White "Fieandt, John"]
[Black "Fraser, Scott"]
[Result "1/2-1/2"]
[WhiteElo "2181"]
[BlackElo "2153"]
[PlyCount "113"]
[EventDate "2013.04.06"]
[EventType "team-k.o."]
[EventRounds "6"]
[EventCountry "FIN"]
[SourceTitle "EXT 2022"]
[Source "ChessBase"]
[SourceDate "2021.10.06"]
[SourceVersion "1"]
[SourceVersionDate "2021.10.06"]
[SourceQuality "1"]
[WhiteTeam "Helsinki HSK"]
[BlackTeam "Espoo MatSK"]
[WhiteTeamCountry "FIN"]
[BlackTeamCountry "FIN"]

1. d4 d5 2. c4 c6 3. Nf3 Nf6 4. e3 g6 5. Bd3 Bg7 6. 0-0 0-0 7. b3 Bg4 8. Nbd2 e6 9. Qc2 Bxf3 10. Nxf3 Nbd7 11. Bb2 Rc8 12. Rad1 Re8 13. Qb1 Qc7 14. h3 Bf8 15. Rd2 Qb8 16. a3 Bd6 17. Rfd1 b5 18. cxb5 cxb5 19. Rc1 b4 20. a4 Rxc1+ 21. Qxc1 Rc8 22. Rc2 Rxc2 23. Qxc2 Qc7 24. Qxc7 Bxc7 25. Kf1 Kf8 26. Ke2 Ke7 27. Ne1 Ne8 28. Nc2 a5 29. f3 Nef6 30. g4 h5 31. Bc1 Kd8 32. Bd2 Bd6 33. Be1 Be7 34. Bg3 Nb6 35. Bb5 hxg4 36. hxg4 Nc8 37. Kd2 Bd6 38. Bf2 Na7 39. Be2 Nc8 40. Ne1 Nb6 41. Nd3 Nbd7 42. Bh4 Kc7 43. Ke1 Be7 44. Bg3+ Bd6 45. Kf2 Bxg3+ 46. Kxg3 Ng8 47. Kf4 Kd6 48. e4 dxe4 49. fxe4 Ne7 50. e5+ Kc7 51. Bf3 Nc6 52. Ke3 Ne7 53. Nf4 Nb6 54. Kd3 Ned5 55. Nxd5+ exd5 56. Ke3 g5 57. Be2 1/2-1/2

[Event "FIN-chT 1213"]
[Site "Finland"]
[Date "2013.03.10"]
[Round "14.4"]
[White "Franssila, Tommi"]
[Black "Fraser, Scott"]
[Result "1/2-1/2"]
[WhiteElo "2215"]
[BlackElo "2132"]
[PlyCount "187"]
[EventDate "2012.09.28"]
[EventType "team-tourn"]
[EventRounds "11"]
[EventCountry "FIN"]
[SourceTitle "EXT 2014"]
[Source "ChessBase"]
[SourceDate "2013.11.20"]
[SourceVersion "1"]
[SourceVersionDate "2013.11.20"]
[SourceQuality "1"]
[WhiteTeam "Jyvaskyla JyS"]
[BlackTeam "Espoo MatSK II"]
[WhiteTeamCountry "FIN"]
[BlackTeamCountry "FIN"]

1. e4 e5 2. Nf3 Nc6 3. Nc3 Nf6 4. Bb5 Bb4 5. 0-0 0-0 6. d3 d6 7. Bg5 Bxc3 8. bxc3 Qe7 9. Re1 Nd8 10. d4 Ne6 11. Bc1 c5 12. g3 Rd8 13. d5 Nc7 14. Bf1 Bg4 15. h3 Bh5 16. Rb1 Rab8 17. Bg2 Nd7 18. g4 Bg6 19. Bg5 f6 20. Bd2 Bf7 21. c4 Nb6 22. Bf1 Qd7 23. Rb3 Qa4 24. Qe2 Qxa2 25. Bc3 Na4 26. Qd2 Nxc3 27. Qxc3 Qa4 28. Ra1 Qd7 29. Rxa7 Bg6 30. Nd2 h5 31. f3 hxg4 32. hxg4 Ne8 33. Qb2 Qe7 34. Rbxb7 Rxb7 35. Rxb7 Rd7 36. Rb8 Rd8 37. Rb6 Qa7 38. Rb7 Qa5 39. c3 Qa4 40. Be2 Ra8 41. Kf2 Ra7 42. Rb5 Kf7 43. Ke3 Qa6 44. Kd3 Ke7 45. Bd1 Nc7 46. Rb6 Qa5 47. Rb7 Qa6 48. Rb6 Qa5 49. Nf1 Be8 50. Ne3 Bd7 51. Rb3 Qa6 52. Qh2 Rb7 53. g5 Rxb3 54. gxf6+ gxf6 55. Bxb3 Qa1 56. Qh7+ Kd8 57. Qh4 Ne8 58. f4 exf4 59. Qxf4 Qb1+ 60. Bc2 Qg1 61. Bd1 Kc7 62. Kd2 Qh1 63. Bf3 Qb1 64. Bd1 Qb2+ 65. Bc2 Ba4 66. Qh2 Bxc2 67. Nxc2 Qa2 68. Qh7+ Kd8 69. Kd3 Qb1 70. Qh5 Ke7 71. Kd2 Qa2 72. Kd3 Qb1 73. Qg4 Kd8 74. Qe2 Ke7 75. Qe1 Qxe1 76. Nxe1 f5 77. Nf3 fxe4+ 78. Kxe4 Kf6 79. Kf4 Ng7 80. Ng5 Nh5+ 81. Kg4 Ng7 82. Nh7+ Kg6 83. Nf8+ Kf6 84. Nd7+ Ke7 85. Nb6 Kf6 86. Nc8 Ne8 87. Kf4 Kg6 88. Nxd6 Nxd6 89. Ke5 Nxc4+ 90. Ke6 Na5 91. d6 c4 92. d7 Nb7 93. Kd5 Kf7 94. Kxc4 1/2-1/2